Cities by suburb: UK 1 - Statistics

General Stats
  • This quiz has been taken 117 times
  • The average score is 12 of 15
Answer Stats
Hint Answer % Correct
Splott, Fairwater, Taffs Mead, Butetown Cardiff
92%
Jewellery Quarter, Gay Village, French Walls, Rotton Park Birmingham
88%
Greendykes, Little France, Georgie, Oxgangs Edinburgh
85%
Haghill, Germiston, Wellhouse, Croftfoot, Halfway Glasgow
85%
The Arboretum, The Meadows, The Park, The Lace Market Nottingham
85%
Spital Tongues, Byker, Cowgate, Leazes Newcastle
84%
Ropewalks, Baltic Triangle, Vauxhall, Old Swan Liverpool
82%
Foxhole, Brunswick, Cwmdu, Copper Quarter Swansea
82%
Ballyrushboy, Blackstaff Stop, Old Park, Holywood Belfast
81%
Catbrain, Fishponds, Soundwell, Speedwell Bristol
78%
Meanwood, Robin Hood, Cross Gates, Cross Green Leeds
76%
Kittybrewster, Craigiebuckler, Tillydrone, Garthdee Aberdeen
69%
Deep Pits, Pitsmoor, Crookes, Crookesmoor, Darnall Sheffield
69%
Upper Shirley, The Polygon, Itchen, St Denys Southampton
68%
Tang Hall, Nunthorpe, Dringhouses York
47%
No matching quizzes found
Score Distribution
Percent of People with Each Score
Percentile by Number Answered
Your Score History
You have not taken this quiz